000 00392nam a2200157Ia 4500
008 210210b2005 xxu||||| |||| 00| 0 eng d
020 _a81 7648 938 7
082 _a639.75 KUMV
100 _aKUMAR (Arvind).
245 _aVerms and vermitechnology.
260 _aN D
_bNot Mentioned
_c2005
300 _ax,200
650 _aVerms Vermiculture
690 _aVermiculture
906 _a060588
999 _c107082
_d107082